000 00533nam a22001817a 4500
005 20251108170024.0
008 250721s1997 xx 000 0 ara d
082 1 4 _a320.962/جوي
100 1 _aجويده، فاروق
245 1 0 _aقضايا ساخنة جداً /
264 1 _aالقاهرة :
_bدار غريب للنشر و التوزيع،
_c1997.
300 _a179ص
650 1 7 _aالظروف السياسية
650 1 7 _aالمقالات السياسية
650 1 7 _aمصر
942 _2ddc
_cBK
999 _c37643
_d37643